Lyrics of The Periodic Table Song (AsapSCIENCE 2018 updated ver.) - Statistics

General Stats
  • This quiz has been taken 438 times
  • The average score is 25 of 57
Answer Stats
Answer % Correct
{There's} Hydrogen and Helium
98%
Boron, Carbon {everywhere}
86%
{Then} Lithium, Beryllium
84%
With Oxygen so you can {breathe}
82%
Neon to {light} {up} the signs
81%
Sodium for {salty} times
81%
And Fluorine for your {pretty} {teeth}
80%
Nitrogen all {through} {the} {air}
80%
Magnesium, Aluminium, {Silicon}
74%
Potassium, and Calcium so you'll {grow} {strong}
73%
This is {the} {Periodic} {Table}
72%
{Noble} {gas} is stable
69%
{Phosphorus}, then Sulfur, Chlorine and Argon
69%
Scandium, Titanium, Vanadium and Chromium and {Manganese}
62%
While {electrons} are added moving to the right
60%
Halogens and Alkali react {aggressively}
59%
Then Cobalt, Nickel {coins} you get
56%
Each period will see new {outer} {shells}
55%
Iron is the {26th}
53%
Copper, Zinc and {Gallium}
52%
{Germanium} and Arsenic
51%
While Krypton helps light up {your} {room}
50%
Barium is 56 and this is where the {table} {splits}
47%
Where Lanthanides have just {begun}
45%
Rubidium and Strontium then {Yttrium}, Zirconium
44%
Selenium and Bromine {film}
39%
Niobium, Molybdenum, {Technetium}
38%
Ruthenium, {Rhodium}, Palladium
38%
Mercury to tell you when it's {really} {cold}
37%
Platinum, Gold to {make} {you} {rich} till you grow old
36%
{Silver-ware} then Cadmium and Indium
35%
{Tin-cans}, Antimony then Tellurium and Iodine and Xenon and then
35%
Lanthanum, Cerium and {Praseodymium}
34%
Polonium, Astatine would not be {yummy}
34%
Thallium and Lead then Bismuth for your {tummy}
34%
And then {we're} {done}!!
33%
{Caesium} {and}...
32%
Samarium, {Europium}, Gadolinium and Terbium
32%
Radon, Francium will last {a} {little} time
30%
Hafnium, Tantalum, Tungsten then {we're} {on} to
27%
Uranium, Neptunium, {Plutonium}
27%
Ytterbium, {Lutetium}
27%
Dysprosium, Holmium, {Erbium}, Thulium
26%
Rhenium, Osmium and {Iridium}
26%
{Neodymium's} next too
24%
Radium then {Actinides} {at} {89}
24%
Actinium, Thorium, {Protactinium}
22%
Americium, {Curium}, Berkelium
22%
Moscovium, {Livermorium}
21%
Nihonium, {Flerovium}
20%
Promethium, then {62's}
20%
{Californium}, Einsteinium, Fermium
19%
Mendelevium, {Nobelium}, Lawrencium
19%
{Tennessine} {and} Oganesson
19%
{Rutherfordium}, Dubnium, Seaborgium
17%
Darmstadtium, Roentgenium, {Copernicium}
16%
Bohrium, {Hassium} {then} Meitnerium
13%
No matching quizzes found
Score Distribution
Percent of People with Each Score
Percentile by Number Answered
Your Score History
You have not taken this quiz